[Event "MCR senioru 2014 - nad 60 let"]
[Site "Rychnov nad Knìžnou"]
[Date "2014.08.20"]
[Round "5.13"]
[White "Šíbl, Václav"]
[Black "Øehák, Jiøí"]
[Result "1/2-1/2"]
[WhiteElo "1965"]
[BlackElo "1841"]
[PlyCount "79"]
[EventDate "2014.08.16"]

1. d4 d5 2. Bf4 Nf6 3. e3 e6 4. Nf3 Be7 5. Ne5 Nbd7 6. Bd3 c5 7. c3 Qb6 8. Qc1
Ne4 9. f3 Nd6 10. O-O f6 11. Ng4 Nf7 12. Kh1 h5 13. Nf2 g5 14. Nh3 gxf4 15.
Nxf4 Nf8 16. Nd2 c4 17. Bc2 Bd7 18. e4 Bc6 19. exd5 exd5 20. Re1 Qc7 21. Nf1
O-O-O 22. Bg6 Bd6 23. Bf5+ Kb8 24. Ng6 Nxg6 25. Bxg6 Rde8 26. Qc2 Rxe1 27. Rxe1
Re8 28. Rxe8+ Bxe8 29. Bxh5 Qe7 30. g3 Ng5 31. Bg4 Bd7 32. Bxd7 Qxd7 33. Qe2
Kc7 34. Kg2 Qh3+ 35. Kg1 Kd7 36. Qg2 Qf5 37. f4 Ne4 38. Ne3 Qe6 39. f5 Qg8 40.
Nxc4 1/2-1/2

[Event "MCR senioru 2014 - nad 60 let"]
[Site "Rychnov nad Knìžnou"]
[Date "2014.08.20"]
[Round "5.14"]
[White "Šobotník, Petr"]
[Black "Haderka, Karel"]
[Result "1-0"]
[WhiteElo "1951"]
[BlackElo "1836"]
[PlyCount "60"]
[EventDate "2014.08.16"]

1. c4 c5 2. Nc3 Nc6 3. g3 g6 4. Bg2 Bg7 5. Nf3 e6 6. d3 Nge7 7. Bf4 d6 8. e4
O-O 9. Qd2 e5 10. Bh6 f5 11. h3 Be6 12. Bxg7 Kxg7 13. Ng5 Bd7 14. f4 h6 15. Nf3
exf4 16. gxf4 Nd4 17. O-O-O Qa5 18. Nh4 Rab8 19. Rde1 b5 20. exf5 Ndxf5 21.
Nxf5+ Bxf5 22. Rxe7+ Rf7 23. Rhe1 b4 24. Rxf7+ Kxf7 25. Bd5+ Kg7 26. Qe3 Qd8
27. Ne2 b3 28. Ng3 bxa2 29. Nxf5+ gxf5 30. Kc2 Qf6 1-0

[Event "MCR senioru 2014 - nad 60 let"]
[Site "Rychnov nad Knìžnou"]
[Date "2014.08.20"]
[Round "5.15"]
[White "Zapletal, Milan"]
[Black "Pavliš, Jaromír"]
[Result "1/2-1/2"]
[WhiteElo "1844"]
[BlackElo "1948"]
[PlyCount "42"]
[EventDate "2014.08.16"]

1. c4 Nf6 2. Nc3 g6 3. e4 d6 4. d4 Bg7 5. h3 Nbd7 6. Nf3 O-O 7. Be3 e5 8. d5 b6
9. Bd3 Nc5 10. Bc2 a5 11. Nd2 Ne8 12. g4 Bf6 13. Ne2 Bg5 14. Nf1 Ng7 15. Neg3
Ba6 16. b3 Bxe3 17. Nxe3 b5 18. O-O bxc4 19. bxc4 Qh4 20. Kh2 Qg5 21. Qe2 Kh8
1/2-1/2

[Event "MCR senioru 2014 - nad 60 let"]
[Site "Rychnov nad Knìžnou"]
[Date "2014.08.20"]
[Round "5.16"]
[White "Innemann, František"]
[Black "Portych, Václav"]
[Result "1-0"]
[WhiteElo "1906"]
[BlackElo "1823"]
[PlyCount "65"]
[EventDate "2014.08.16"]

1. e4 c5 2. f4 e6 3. Nf3 Nc6 4. c3 d5 5. e5 c4 6. d4 cxd3 7. Bxd3 Bc5 8. Qe2 a6
9. Be3 Qb6 10. Bxc5 Qxc5 11. Nbd2 Nge7 12. Nb3 Qa7 13. Qf2 Qxf2+ 14. Kxf2 h6
15. h4 b6 16. g4 Bb7 17. h5 O-O-O 18. Rac1 Kb8 19. Nbd4 Nxd4 20. Nxd4 Rc8 21.
Ke3 Nc6 22. Nxc6+ Rxc6 23. Kd4 Rc7 24. f5 Re8 25. Rhf1 Ka7 26. f6 Rg8 27. Bh7
Rc4+ 28. Kd3 Rgc8 29. fxg7 a5 30. g8=Q Rxg8 31. Bxg8 Rxg4 32. Rg1 Ba6+ 33. Kc2
1-0

[Event "MCR senioru 2014 - nad 60 let"]
[Site "Rychnov nad Knìžnou"]
[Date "2014.08.20"]
[Round "5.17"]
[White "Koøínek, Jaroslav"]
[Black "Švéda, Jiøí"]
[Result "1/2-1/2"]
[WhiteElo "1810"]
[BlackElo "1927"]
[PlyCount "86"]
[EventDate "2014.08.16"]

1. e4 c5 2. Nf3 e6 3. c4 Nc6 4. Nc3 a6 5. d3 g6 6. Be3 d6 7. Be2 Bg7 8. Qd2 Nd4
9. O-O h5 10. h4 Qa5 11. Rfe1 Bd7 12. Bd1 Bc6 13. Bf4 e5 14. Nd5 Qd8 15. Be3 f6
16. b4 Bxd5 17. cxd5 b6 18. a4 Ne7 19. Rc1 O-O 20. Bxd4 exd4 21. Bb3 Kh7 22.
Qb2 Bh6 23. Rc2 Qd7 24. Rce2 Qg4 25. Bd1 g5 26. e5 gxh4 27. exf6 Nf5 28. Re6
Bf4 29. Nxd4 Bh2+ 30. Kh1 Qxd4 31. Qxd4 Nxd4 32. Re7+ Kg6 33. Kxh2 Rxf6 34. Rb7
a5 35. Ree7 axb4 36. Rg7+ Kf5 37. Bxh5 Rxa4 38. Rbe7 Rf8 39. Be8 b5 40. Re4 Ra8
41. Bd7+ Kf6 42. Rgg4 Rg8 43. Rgf4+ Kg5 1/2-1/2

[Event "MCR senioru 2014 - nad 60 let"]
[Site "Rychnov nad Knìžnou"]
[Date "2014.08.20"]
[Round "5.18"]
[White "Istel, Oldøich"]
[Black "Sedláèek, Jan"]
[Result "1/2-1/2"]
[WhiteElo "1798"]
[BlackElo "1891"]
[PlyCount "44"]
[EventDate "2014.08.16"]

1. Nf3 Nf6 2. g3 d5 3. d4 e6 4. Bg2 Be7 5. O-O O-O 6. b3 b6 7. Bb2 Nbd7 8. Nbd2
Ba6 9. Re1 Rc8 10. e4 dxe4 11. Nxe4 Nxe4 12. Rxe4 Nf6 13. Re1 c5 14. c4 b5 15.
cxb5 Bxb5 16. dxc5 Bxc5 17. Rc1 Qb6 18. Bd4 Rfd8 19. Rxc5 Rxc5 20. Bxc5 Rxd1
21. Bxb6 Rxe1+ 22. Nxe1 axb6 1/2-1/2

[Event "MCR senioru 2014 - nad 60 let"]
[Site "Rychnov nad Knìžnou"]
[Date "2014.08.20"]
[Round "5.19"]
[White "Klimeš, Jiøí"]
[Black "Wiedermann, Jan"]
[Result "1-0"]
[WhiteElo "1889"]
[BlackElo "1780"]
[PlyCount "55"]
[EventDate "2014.08.16"]

1. e4 c5 2. Nf3 Nc6 3. d4 cxd4 4. Nxd4 d6 5. Nc3 a6 6. Bg5 Nf6 7. Qd2 Nxd4 8.
Qxd4 Nd7 9. Bc4 Ne5 10. Bb3 Bg4 11. f4 Nc6 12. Qd2 Bh5 13. h3 f6 14. Bh4 Bf7
15. Bxf7+ Kxf7 16. O-O-O g6 17. g4 h6 18. Kb1 g5 19. Bg3 e6 20. Rhf1 Qa5 21. e5
dxe5 22. fxg5 hxg5 23. Qxg5 Be7 24. Rd7 Ke8 25. Rxe7+ Kxe7 26. Qg7+ Kd6 27.
Ne4+ Kd5 28. Qd7+ 1-0

[Event "MCR senioru 2014 - nad 60 let"]
[Site "Rychnov nad Knìžnou"]
[Date "2014.08.20"]
[Round "5.20"]
[White "Majerik, Vladimír"]
[Black "Tsapanidis, Vasilis"]
[Result "1-0"]
[WhiteElo "1885"]
[BlackElo "1780"]
[PlyCount "51"]
[EventDate "2014.08.16"]

1. d4 g6 2. e4 Bg7 3. c3 d6 4. Bg5 Nc6 5. Nf3 a6 6. Nbd2 f6 7. Be3 e5 8. h3 Nh6
9. Qc2 O-O 10. dxe5 fxe5 11. Bc4+ Kh8 12. O-O-O Nf7 13. h4 Bg4 14. Rdg1 h5 15.
Bxf7 Rxf7 16. Ng5 Rf8 17. f3 Bd7 18. g4 hxg4 19. fxg4 Bf6 20. Ndf3 Kg7 21. h5
Rh8 22. hxg6 Kxg6 23. Qg2 Qe7 24. Rh5 Rag8 25. Rgh1 Bg7 26. Nh4+ 1-0

[Event "MCR senioru 2014 - nad 60 let"]
[Site "Rychnov nad Knìžnou"]
[Date "2014.08.20"]
[Round "5.21"]
[White "Pokorný, Jan"]
[Black "Palla, Stanislav"]
[Result "1/2-1/2"]
[WhiteElo "1866"]
[BlackElo "1769"]
[PlyCount "52"]
[EventDate "2014.08.16"]

1. Nf3 Nf6 2. b3 g6 3. Bb2 Bg7 4. c4 O-O 5. Nc3 d5 6. e3 c5 7. d4 cxd4 8. Nxd4
a6 9. Be2 dxc4 10. Bxc4 b5 11. Be2 Bb7 12. Bf3 Qb6 13. O-O Nc6 14. Nce2 Rfd8
15. Qb1 Rac8 16. Rc1 Na5 17. Bxb7 Qxb7 18. Rxc8 Rxc8 19. Qe1 Nc6 20. Rc1 Nxd4
21. Bxd4 Nd7 22. Bxg7 Kxg7 23. Qd2 Nf6 24. h3 Rxc1+ 25. Qxc1 Qd5 26. Nf4 Qd6
1/2-1/2

[Event "MCR senioru 2014 - nad 60 let"]
[Site "Rychnov nad Knìžnou"]
[Date "2014.08.20"]
[Round "5.22"]
[White "Tomèík, Alexander"]
[Black "Janeèek, František"]
[Result "1-0"]
[WhiteElo "1862"]
[BlackElo "1699"]
[PlyCount "81"]
[EventDate "2014.08.16"]

1. d4 d5 2. c4 e6 3. Nf3 Nf6 4. Nc3 Nbd7 5. e3 c6 6. Be2 Bd6 7. O-O dxc4 8.
Bxc4 O-O 9. Qc2 e5 10. dxe5 Nxe5 11. Nxe5 Bxe5 12. Bd2 Bxh2+ 13. Kxh2 Ng4+ 14.
Kg3 Qd6+ 15. f4 Nh6 16. Bd3 f5 17. Kf2 Be6 18. Be2 Rad8 19. Rad1 Qc5 20. Qb1
Ng4+ 21. Bxg4 fxg4 22. Kg3 Rxd2 23. Rde1 Bc4 24. Ne4 Rxg2+ 25. Kxg2 Bxf1+ 26.
Kxf1 Qh5 27. Qd3 g3 28. Ng5 Qxg5 29. Kg2 Qa5 30. Rh1 g6 31. Kxg3 Qxa2 32. b3
Qa5 33. Qd7 h5 34. Qxb7 Re8 35. Rd1 Rxe3+ 36. Kh4 Re8 37. Qxc6 Re7 38. Qxg6+
Rg7 39. Qe6+ Kh7 40. Rd5 Rg6 41. Qf7+ 1-0

[Event "MCR senioru 2014 - nad 60 let"]
[Site "Rychnov nad Knìžnou"]
[Date "2014.08.20"]
[Round "5.23"]
[White "Kindl, František"]
[Black "Bukáèek, Lubomír"]
[Result "1-0"]
[WhiteElo "1857"]
[BlackElo "1707"]
[PlyCount "65"]
[EventDate "2014.08.16"]

1. c4 Nf6 2. Nf3 c6 3. g3 d5 4. cxd5 Nxd5 5. Bg2 Bg4 6. O-O e6 7. d4 Nf6 8. Nc3
Be7 9. Ne5 Bh5 10. Qb3 Qb6 11. Qxb6 axb6 12. e4 O-O 13. f3 Nfd7 14. Nd3 b5 15.
Nf4 Bg6 16. Be3 Na6 17. Rfd1 Nb4 18. Bf2 Rfd8 19. a3 Na6 20. h4 e5 21. dxe5 f6
22. Ne6 Kf7 23. Nxd8+ Rxd8 24. e6+ Kxe6 25. Bh3+ f5 26. exf5+ Bxf5 27. g4 Bg6
28. g5+ Bf5 29. Re1+ Ne5 30. Bg2 b4 31. Bg3 Bd6 32. Bxe5 Bxe5 33. f4 1-0

[Event "MCR senioru 2014 - nad 60 let"]
[Site "Rychnov nad Knìžnou"]
[Date "2014.08.20"]
[Round "5.24"]
[White "Pittermann, Jan"]
[Black "Mlynáø, Miroslav"]
[Result "1-0"]
[WhiteElo "1838"]
[BlackElo "1645"]
[PlyCount "75"]
[EventDate "2014.08.16"]

1. c4 Nf6 2. g3 c5 3. Bg2 e5 4. Nc3 d6 5. d3 h6 6. Nf3 Bd7 7. O-O Be7 8. a3 O-O
9. b4 cxb4 10. axb4 a6 11. Be3 Bc6 12. b5 Bd7 13. Nd2 Ng4 14. Nd5 Nxe3 15. Nxe3
Ra7 16. Nd5 Be6 17. b6 Bxd5 18. bxa7 Bxg2 19. axb8=Q Qxb8 20. Kxg2 Bf6 21. Ne4
Be7 22. Qb3 Qa8 23. Qb6 Qb8 24. Rfb1 f5 25. Nc3 Bf6 26. Nd5 Bd8 27. Qxb7 Qxb7
28. Rxb7 a5 29. Ne7+ Kh7 30. Nc6 Bf6 31. Rxa5 f4 32. Nb4 fxg3 33. hxg3 h5 34.
Nd5 Bg5 35. Raa7 Bh6 36. Rf7 Kg8 37. Rxf8+ Kxf8 38. Rd7 1-0

[Event "MCR senioru 2014 - nad 60 let"]
[Site "Rychnov nad Knìžnou"]
[Date "2014.08.20"]
[Round "5.25"]
[White "Prachaø, Josef"]
[Black "Hloušek, Milan"]
[Result "1-0"]
[WhiteElo "1832"]
[BlackElo "1659"]
[PlyCount "55"]
[EventDate "2014.08.16"]

1. d4 Nf6 2. c4 d6 3. Nc3 c6 4. e4 Bg4 5. f3 Bh5 6. g4 Bg6 7. h4 h6 8. h5 Bh7
9. Be3 Nbd7 10. Bd3 e5 11. d5 Qa5 12. Qd2 cxd5 13. cxd5 a6 14. Nge2 Be7 15. Kf2
Nc5 16. Bc2 O-O-O 17. a3 Qc7 18. b4 Ncd7 19. Bb3 b6 20. Na4 Qb7 21. Rhc1+ Kb8
22. Rc6 Bxe4 23. Nxb6 Bxf3 24. Kxf3 e4+ 25. Kg3 Ne5 26. b5 Nxc6 27. bxc6 Qc7
28. Qa5 1-0

[Event "MCR senioru 2014-nad 60 let"]
[Site "Hewlett-Packard"]
[Date "2014.08.20"]
[Round "5.28"]
[White "Franc, Lubor"]
[Black "Dvorak, Eduard"]
[Result "1/2-1/2"]
[WhiteElo "1905"]
[BlackElo "1708"]
[PlyCount "34"]

1. e4 e5 2. Nf3 f5 3. exf5 Nf6 4. Nxe5 d6 5. Ng4 Bxf5 6. Nxf6+ Qxf6 7. Qe2+ Be7
8. Qb5+ Nd7 9. Qxb7 O-O 10. Bc4+ Kh8 11. O-O Bxc2 12. Nc3 Nc5 13. Qd5 c6 14.
Qh5 d5 15. Be2 Nd3 16. Qf3 Qg6 17. Qg3 Qf5 1/2-1/2

[Event "MCR senioru 2014 - nad 70 let"]
[Site "Rychnov nad Kneznou"]
[Date "2014.08.20"]
[Round "4.1"]
[White "Zeman, Ladislav"]
[Black "Havrlik, Pavel"]
[Result "1-0"]
[WhiteElo "1870"]
[BlackElo "1879"]
[PlyCount "117"]
[EventDate "2014.??.??"]

1. e4 Nc6 2. d4 d5 3. Nc3 e5 4. Bb5 dxe4 5. d5 a6 6. Ba4 b5 7. Bb3 Nd4 8. Nge2
Nxb3 9. axb3 Bb4 10. O-O Nf6 11. Bg5 Bb7 12. Nxe4 Qxd5 13. Nxf6+ gxf6 14. Qxd5
Bxd5 15. Bxf6 Rg8 16. Ng3 Bd6 17. Rfe1 Kd7 18. Bxe5 Rge8 19. Bxd6 Rxe1+ 20.
Rxe1 cxd6 21. f3 a5 22. Rd1 Be6 23. Ne2 a4 24. Ra1 Bd5 25. b4 Bc4 26. Nd4 Rb8
27. Kf2 Kc7 28. g4 Kb6 29. Re1 Ra8 30. Re3 Bd5 31. g5 h6 32. f4 hxg5 33. fxg5
Rg8 34. h4 f6 35. Rg3 fxg5 36. hxg5 Rf8+ 37. Ke3 Ra8 38. Kd2 Rf8 39. g6 Rf2+
40. Ke3 Rf8 41. g7 Ra8 42. Kd2 Bg8 43. Rg6 Rd8 44. Nf5 Kc7 45. Ne7 Kd7 46. Nxg8
Rxg8 47. Kd3 Ke7 48. Kd4 Kf7 49. Rg2 Ke6 50. Rg3 Ke7 51. Kd5 Kd7 52. Rg2 Ke7
53. Kc6 Kf7 54. Kxd6 Rd8+ 55. Kc5 Kg8 56. Kxb5 Ra8 57. Rg3 Rc8 58. c4 Ra8 59.
c5 1-0

[Event "MCR senioru 2014 - nad 70 let"]
[Site "Rychnov nad Kneznou"]
[Date "2014.08.20"]
[Round "4.2"]
[White "Mesiarik, Rudolf"]
[Black "Vitek, Vaclav"]
[Result "1/2-1/2"]
[WhiteElo "2136"]
[BlackElo "2049"]
[PlyCount "35"]
[EventDate "2014.??.??"]

1. e4 e5 2. Nf3 Nc6 3. Bc4 d6 4. d4 Be7 5. dxe5 Nxe5 6. Nxe5 dxe5 7. Qxd8+ Bxd8
8. Be3 Nf6 9. f3 O-O 10. Nc3 c6 11. a4 Bb6 12. Nd1 Re8 13. a5 Bxe3 14. Nxe3 Be6
15. Bxe6 Rxe6 16. O-O-O Kf8 17. Rd3 g6 18. Kd1 1/2-1/2

[Event "MCR senioru 2014 - nad 70 let"]
[Site "Rychnov nad Kneznou"]
[Date "2014.08.20"]
[Round "4.3"]
[White "Zamecnik, Bohumir"]
[Black "Slechta, Karel"]
[Result "1/2-1/2"]
[WhiteElo "1852"]
[BlackElo "1874"]
[PlyCount "49"]
[EventDate "2014.??.??"]

1. c4 c5 2. Nc3 Nc6 3. g3 g6 4. Bg2 Bg7 5. e4 d6 6. Nge2 e6 7. d3 Nge7 8. Be3
Nd4 9. O-O O-O 10. Rb1 Nec6 11. a3 Qa5 12. f4 Rb8 13. b4 Qxa3 14. b5 Nxe2+ 15.
Nxe2 Nb4 16. Rb3 Qa5 17. d4 Qc7 18. dxc5 dxc5 19. e5 Rd8 20. Qb1 b6 21. Rd1 Bb7
22. Bxb7 Qxb7 23. Bd2 Qd7 24. Qe4 Bf8 25. Rbb1 1/2-1/2

[Event "MCR senioru 2014 - nad 70 let"]
[Site "Rychnov nad Kneznou"]
[Date "2014.08.20"]
[Round "4.4"]
[White "Zikmund, Jaroslav"]
[Black "Volf, Jaroslav"]
[Result "0-1"]
[WhiteElo "1852"]
[BlackElo "2074"]
[PlyCount "118"]
[EventDate "2014.??.??"]

1. d4 Nf6 2. c4 g6 3. Nc3 d5 4. Bg5 dxc4 5. e3 Bg7 6. Bxc4 O-O 7. Nf3 Nbd7 8.
O-O c6 9. Rc1 Nb6 10. Bd3 Be6 11. b3 Rc8 12. Ne4 Nxe4 13. Bxe4 Re8 14. Nd2 Bd5
15. Bf4 e5 16. dxe5 Bxe5 17. Bxd5 Qxd5 18. Bxe5 Qxe5 19. Nc4 Nxc4 20. Rxc4 Red8
21. Qc2 Rd5 22. e4 Rd6 23. f4 Qa5 24. Ra4 Qb6+ 25. Qf2 Qxf2+ 26. Kxf2 a6 27.
Re1 Rcd8 28. Re2 Rd2 29. Rc4 Kf8 30. e5 Ke7 31. h3 h5 32. Rc3 Ke6 33. g4 hxg4
34. hxg4 Rxe2+ 35. Kxe2 g5 36. Rf3 Rd4 37. fxg5 Rxg4 38. Rf6+ Ke7 39. Rf5 Rg2+
40. Kd3 Rxa2 41. Kc4 Ra5 42. Kd4 Rd5+ 43. Ke4 a5 44. Rf6 Rd1 45. g6 fxg6 46.
Rxg6 Re1+ 47. Kd4 Kd7 48. Rg7+ Kc8 49. Rg8+ Kc7 50. Rg7+ Kb6 51. Rg6 Kb5 52. e6
Kb4 53. Rh6 b5 54. Rg6 a4 55. bxa4 bxa4 56. Kd3 a3 57. Rg4+ Kb3 58. Re4 Rxe4
59. Kxe4 a2 0-1

[Event "MCR senioru 2014 - nad 70 let"]
[Site "Rychnov nad Kneznou"]
[Date "2014.08.20"]
[Round "4.5"]
[White "Kudera, Jiri"]
[Black "Most, Zdenek"]
[Result "0-1"]
[WhiteElo "1843"]
[BlackElo "2037"]
[PlyCount "71"]
[EventDate "2014.??.??"]

1. f4 c5 2. Nf3 Nf6 3. b3 g6 4. Bb2 Bg7 5. e4 O-O 6. e5 Nd5 7. g3 d6 8. Bg2 Nc6
9. Qe2 Bg4 10. h3 Bxf3 11. Qxf3 Ndb4 12. Na3 dxe5 13. fxe5 Nxe5 14. Bxe5 Bxe5
15. Rb1 Qd6 16. O-O Bxg3 17. Nb5 Qb8 18. Qc3 Qe5 19. d4 Qg5 20. dxc5 Nd5 21.
Qf3 Ne3 22. Rfc1 Nxg2 23. Qxg2 Qxc5+ 24. Kh1 Bf4 25. Rf1 Be5 26. a4 a6 27. b4
Qc4 28. Na3 Qh4 29. Qf3 Rad8 30. Rbd1 Rxd1 31. Rxd1 Qxb4 32. Rb1 Qxa4 33. Rxb7
Bd6 34. Rb3 Rc8 35. Qd3 Qf4 36. Qe2 0-1

[Event "MCR senioru 2014 - nad 70 let"]
[Site "Rychnov nad Kneznou"]
[Date "2014.08.20"]
[Round "4.6"]
[White "Bielavsky, Jiri"]
[Black "Folta, Jaroslav"]
[Result "1-0"]
[WhiteElo "2031"]
[BlackElo "1847"]
[PlyCount "67"]
[EventDate "2014.??.??"]

1. e4 c6 2. d4 d5 3. exd5 cxd5 4. c4 Nf6 5. Nc3 e6 6. Nf3 Be7 7. Bg5 O-O 8. Rc1
a6 9. c5 Nc6 10. a3 Ne4 11. Bxe7 Qxe7 12. b4 Nxc3 13. Rxc3 Qf6 14. Re3 Re8 15.
Be2 Bd7 16. O-O Rad8 17. Qa1 g6 18. Re1 Qg7 19. Bf1 Ne7 20. a4 Nf5 21. Ra3 f6
22. b5 axb5 23. axb5 e5 24. dxe5 fxe5 25. Nxe5 d4 26. Nxd7 Qxd7 27. Rxe8+ Rxe8
28. Ra8 Rxa8 29. Qxa8+ Kg7 30. c6 bxc6 31. bxc6 Qe6 32. c7 Ne7 33. Qd8 Kf7 34.
Qxd4 1-0

[Event "MCR senioru 2014 - nad 70 let"]
[Site "Rychnov nad Knìžnou"]
[Date "2014.08.20"]
[Round "4.7"]
[White "Mutina, Antonín"]
[Black "Tobiška, Jaroslav"]
[Result "0-1"]
[WhiteElo "1970"]
[BlackElo "1704"]
[PlyCount "126"]
[EventDate "2014.08.18"]

1. d4 d5 2. Nf3 Nf6 3. Bg5 Ne4 4. Bh4 g6 5. e3 Bg7 6. Bd3 O-O 7. O-O Nc6 8. c4
Bf5 9. Qb3 dxc4 10. Qxc4 Nd6 11. Qc3 Bxd3 12. Qxd3 Nf5 13. Bg3 Nxg3 14. hxg3 e5
15. Rd1 exd4 16. exd4 Qf6 17. Nc3 Rad8 18. d5 Nb4 19. Qc4 Na6 20. Rac1 Bh6 21.
Rb1 Rfe8 22. b4 c6 23. dxc6 Qxc6 24. Qxc6 bxc6 25. a3 Nb8 26. Na4 Bf8 27. Kf1
f5 28. Nd2 Rd3 29. Nc4 Rd5 30. Ne3 Rxd1+ 31. Rxd1 a5 32. Nc2 axb4 33. axb4 Na6
34. Rd4 Rb8 35. Nc5 Nxc5 36. bxc5 Bxc5 37. Rc4 Rb5 38. Ke2 Kf7 39. f3 Ke6 40.
Rh4 h5 41. g4 fxg4 42. fxg4 Be7 43. Rh1 Re5+ 44. Kf3 hxg4+ 45. Kxg4 c5 46. Kf3
Kd5 47. Ne3+ Kc6 48. g4 Bg5 49. Nc4 Rd5 50. Rb1 Rd4 51. Ne5+ Kd5 52. Nxg6 Rb4
53. Rd1+ Kc4 54. Ne5+ Kc3 55. Rd3+ Kc2 56. Rd5 Rb3+ 57. Ke4 Rb4+ 58. Kf5 Be3
59. g5 Rf4+ 60. Kg6 c4 61. Nc6 c3 62. Nb4+ Rxb4 63. Kf7 Kb2 0-1

[Event "MCR senioru 2014 - nad 70 let"]
[Site "Rychnov nad Knìžnou"]
[Date "2014.08.20"]
[Round "4.8"]
[White "Blazek, Jaroslav"]
[Black "Holeèek, Vladimír"]
[Result "0-1"]
[WhiteElo "1701"]
[BlackElo "1969"]
[PlyCount "54"]
[EventDate "2014.08.18"]

1. e4 e5 2. Nf3 Nc6 3. Bb5 Nf6 4. d3 Bc5 5. O-O d6 6. Bg5 h6 7. Be3 Bb6 8. Bxb6
axb6 9. Nbd2 O-O 10. a3 Ne7 11. h3 Ng6 12. d4 c6 13. Bd3 Qc7 14. dxe5 dxe5 15.
Qe1 b5 16. Kh1 Nf4 17. Qe3 Be6 18. Ne1 Rfd8 19. g4 Rd6 20. Kh2 Bxg4 21. Rg1
Bxh3 22. f3 N6h5 23. Nf1 Qe7 24. Qf2 Bxf1 25. Rxf1 Rg6 26. Rg1 Rxg1 27. Kxg1
Nh3+ 0-1

[Event "MCR senioru 2014 - nad 70 let"]
[Site "Rychnov nad Knìžnou"]
[Date "2014.08.20"]
[Round "4.9"]
[White "Molendzki, Tomasz"]
[Black "Laszkiewicz, Jerzy"]
[Result "1/2-1/2"]
[WhiteElo "1823"]
[BlackElo "1949"]
[PlyCount "29"]
[EventDate "2014.08.18"]

1. e4 c5 2. Nf3 Nc6 3. d4 cxd4 4. Nxd4 Nf6 5. Nxc6 bxc6 6. Bd3 e5 7. b3 Be7 8.
Bb2 d6 9. c4 O-O 10. Nc3 Be6 11. O-O Qc7 12. Qc2 Rac8 13. Rac1 Rfd8 14. Be2 Qb7
15. Ba3 1/2-1/2

[Event "MCR senioru 2014 - nad 70 let"]
[Site "Rychnov nad Knìžnou"]
[Date "2014.08.20"]
[Round "4.10"]
[White "Blaha, Bohuslav"]
[Black "Neubauer, Vilém"]
[Result "1/2-1/2"]
[WhiteElo "1903"]
[BlackElo "1829"]
[PlyCount "114"]
[EventDate "2014.08.18"]

1. e4 g6 2. d4 Bg7 3. c3 d5 4. Bd3 dxe4 5. Bxe4 Nf6 6. Bf3 O-O 7. Ne2 Nbd7 8.
O-O e5 9. Ng3 exd4 10. cxd4 c6 11. Nc3 Nb6 12. Bg5 h6 13. Be3 Nbd5 14. Qd2 Kh7
15. Rad1 b5 16. Qc2 Bg4 17. Nxd5 cxd5 18. Bxg4 Nxg4 19. Bf4 Nxh2 20. Kxh2 Qh4+
21. Kg1 Qxf4 22. Nh5 Qe4 23. Qxe4 dxe4 24. Nxg7 Kxg7 25. Rfe1 f5 26. Rc1 Rad8
27. Rc5 Rxd4 28. Rxb5 Rf7 29. Rc1 Rd6 30. a4 Re7 31. a5 f4 32. Kf1 g5 33. b4 g4
34. Rbc5 f3 35. b5 Red7 36. gxf3 exf3 37. Kg1 Rd1+ 38. Rxd1 Rxd1+ 39. Kh2 Rd2
40. Kg3 Ra2 41. b6 axb6 42. axb6 Rb2 43. Kxg4 Rxb6 44. Kxf3 h5 45. Kg3 Kg6 46.
Rd5 Ra6 47. Rb5 Rd6 48. Ra5 Rd3+ 49. f3 Rd6 50. Rb5 Rc6 51. Kh4 Ra6 52. Rg5+
Kf6 53. Rxh5 Ra4+ 54. Kg3 Ra3 55. Kg4 Ra7 56. Rb5 Kg6 57. Rg5+ Kf6 1/2-1/2

[Event "MCR senioru 2014 - nad 70 let"]
[Site "Rychnov nad Kneznou"]
[Date "2014.08.21"]
[Round "5.1"]
[White "Mesiarik, Rudolf"]
[Black "Zeman, Ladislav"]
[Result "1-0"]
[WhiteElo "2136"]
[BlackElo "2049"]
[PlyCount "103"]
[EventDate "2014.??.??"]

1. Nf3 d5 2. c4 e6 3. g3 c6 4. Qc2 b6 5. Bg2 Nf6 6. O-O Bb7 7. d4 Nbd7 8. Rd1
Be7 9. Nc3 O-O 10. e4 Nxe4 11. Nxe4 dxe4 12. Qxe4 Nf6 13. Qe2 Qc8 14. Bf4 Re8
15. Rac1 c5 16. dxc5 Bxc5 17. Be3 h6 18. Ne5 Bxe3 19. Qxe3 Bxg2 20. Kxg2 Qb7+
21. Qf3 Qc7 22. Re1 Rad8 23. Rc2 Rd5 24. Rce2 Rd4 25. h3 Red8 26. Nc6 Rd3 27.
Re3 Rxe3 28. Rxe3 Rd6 29. Ne5 Rd2 30. Re2 Rxe2 31. Qxe2 Ne8 32. b3 Nd6 33. g4
f6 34. Nd3 e5 35. f3 Qf7 36. Nb4 h5 37. Qd3 Qe6 38. gxh5 Nf5 39. Qe4 Kh7 40.
Nd5 Kh6 41. Qg4 g5 42. hxg6 Kg7 43. h4 b5 44. h5 bxc4 45. bxc4 Qc8 46. Kh3 Qe6
47. Ne3 Nd4 48. Qxe6 Nxe6 49. Nf5+ Kg8 50. Kg4 a5 51. h6 Nf4 52. Ne7+ 1-0

[Event "MCR senioru 2014 - nad 70 let"]
[Site "Rychnov nad Kneznou"]
[Date "2014.08.21"]
[Round "5.2"]
[White "Volf, Jaroslav"]
[Black "Bielavsky, Jiri"]
[Result "1/2-1/2"]
[WhiteElo "2074"]
[BlackElo "2031"]
[PlyCount "41"]
[EventDate "2014.??.??"]

1. g3 e5 2. Bg2 Nf6 3. d3 d5 4. Nf3 Nbd7 5. O-O Be7 6. Nc3 O-O 7. e4 dxe4 8.
Nxe4 Nxe4 9. dxe4 c6 10. b3 Qc7 11. Bb2 Rd8 12. Qe2 f6 13. Rfd1 Nf8 14. Rxd8
Qxd8 15. Nd2 Qc7 16. Bf1 Be6 17. Bc3 Rd8 18. Nc4 Bc5 19. Rd1 Rd7 20. Rxd7 Qxd7
21. Qd2 1/2-1/2

[Event "MCR senioru 2014 - nad 70 let"]
[Site "Rychnov nad Kneznou"]
[Date "2014.08.21"]
[Round "5.3"]
[White "Most, Zdenek"]
[Black "Holecek, Vladimir"]
[Result "1-0"]
[WhiteElo "2037"]
[BlackElo "1969"]
[PlyCount "131"]
[EventDate "2014.??.??"]

1. d4 d5 2. Nf3 Bf5 3. c4 e6 4. Nc3 Nf6 5. Bg5 Be7 6. Bxf6 Bxf6 7. cxd5 exd5 8.
Qb3 Nc6 9. e3 Ne7 10. Qxb7 c6 11. Qa6 O-O 12. Bd3 Qd7 13. Rc1 Rab8 14. Bxf5
Nxf5 15. b3 Rfe8 16. O-O Rb6 17. Qd3 Nd6 18. Na4 Rbb8 19. h3 Ne4 20. Qc2 Re6
21. Nd2 Nxd2 22. Nc5 Qd6 23. Qxd2 Ree8 24. Qc2 Rec8 25. Qf5 g6 26. Qd7 Be7 27.
Rc2 Qxd7 28. Nxd7 Rb7 29. Ne5 Rbc7 30. Rd1 f6 31. Nd3 Kf7 32. Kf1 Ke6 33. b4
Bd6 34. Rdc1 Kd7 35. Ke2 Rb8 36. a3 a5 37. bxa5 Bxa3 38. Ra1 Bd6 39. g4 Ra7 40.
Kf3 Ra6 41. Nc5+ Bxc5 42. Rxc5 Kd6 43. Kf4 Rb5 44. Rxb5 cxb5 45. h4 Ke6 46. f3
h6 47. g5 hxg5+ 48. hxg5 f5 49. e4 fxe4 50. fxe4 dxe4 51. Kxe4 b4 52. d5+ Kd6
53. Kd4 b3 54. Kc3 Kxd5 55. Kxb3 Kc5 56. Kc3 Kb5 57. Kd4 Kc6 58. Ke5 Kd7 59.
Kd5 Rd6+ 60. Kc5 Rc6+ 61. Kb5 Rc2 62. a6 Rb2+ 63. Kc5 Rc2+ 64. Kd5 Rc8 65. a7
Ra8 66. Ra6 1-0

[Event "MCR senioru 2014 - nad 70 let"]
[Site "Rychnov nad Kneznou"]
[Date "2014.08.21"]
[Round "5.4"]
[White "Tobiska, Jaroslav"]
[Black "Molendzki, Tomasz"]
[Result "1-0"]
[WhiteElo "1704"]
[BlackElo "1823"]
[PlyCount "99"]
[EventDate "2014.??.??"]

1. e4 c5 2. Nf3 Nc6 3. Bc4 e6 4. Nc3 a6 5. a4 Nge7 6. O-O d5 7. exd5 exd5 8.
Ba2 Bg4 9. Re1 Be6 10. Ng5 Qd7 11. Nxe6 fxe6 12. d3 O-O-O 13. Ne2 h6 14. c3 g5
15. d4 cxd4 16. Nxd4 e5 17. Nxc6 Nxc6 18. b4 Bg7 19. Rb1 Rhf8 20. b5 axb5 21.
Rxb5 d4 22. cxd4 Qxd4 23. Qxd4 Rxd4 24. Bb3 Rfd8 25. Kf1 Rb4 26. Rxb4 Nxb4 27.
Rd1 Rxd1+ 28. Bxd1 Kc7 29. Ke2 Nd5 30. Bb2 Nf4+ 31. Kf1 Nd3 32. Bc3 b6 33. g3
Kc6 34. Ke2 Nc5 35. f4 Kd5 36. fxg5 hxg5 37. Ke3 Bf6 38. h3 Kc4 39. Bd2 e4 40.
a5 Bd4+ 41. Ke2 e3 42. Bxe3 Bxe3 43. Kxe3 bxa5 44. h4 gxh4 45. gxh4 Nb3 46. h5
a4 47. h6 a3 48. h7 a2 49. h8=Q a1=Q 50. Bxb3+ 1-0

[Event "MCR senioru 2014 - nad 70 let"]
[Site "Rychnov nad Kneznou"]
[Date "2014.08.21"]
[Round "5.5"]
[White "Laszkiewicz, Jerzy"]
[Black "Blaha, Bohuslav"]
[Result "1-0"]
[WhiteElo "1949"]
[BlackElo "1903"]
[PlyCount "21"]
[EventDate "2014.??.??"]

1. e4 c5 2. Nf3 e6 3. d4 cxd4 4. Nxd4 a6 5. c4 Nf6 6. Nc3 Bb4 7. Bd3 d5 8. Qa4+
b5 9. Qxb4 dxe4 10. Ndxb5 exd3 11. Nd6+ 1-0